Put Letters Back Into World Cities - Statistics

General Stats
  • This quiz has been taken 47 times
  • The average score is 21 of 26
Answer Stats
Hint Explanation Answer % Correct
Toyo Tokyo K
95%
Johanesburg Johannesburg N
92%
Melborne Melbourne U
92%
Georgeton Georgetown W
92%
Pragu Prague E
90%
Vancuver Vancouver O
90%
Bilao Bilbao B
87%
Edinburg Edinburgh H
87%
Kuala Lumur Kuala Lumpur P
87%
Kinhasa Kinshasa S
87%
Stutgart Stuttgart T
85%
Kyi Kyiv V
85%
Turn Turin I
82%
Brazaville Brazzaville Z
82%
Shefield Sheffield F
79%
Gaboone Gaborone R
79%
Monterre Monterrey Y
77%
Youndé Yaoundé A
74%
Chongqin Chongqing G
74%
Eddah Jeddah J
72%
Ouagaougou Ouagadougou D
69%
Hennai Chennai C
67%
Iamen Xiamen X
67%
Hasa Lhasa L
62%
Guayauil Guayaquil Q
51%
Ashhad Mashhad M
46%
No matching quizzes found
Score Distribution
Percent of People with Each Score
Percentile by Number Answered
Your Score History
You have not taken this quiz